| 000 | 01392nam a22003857a 4500 | ||
|---|---|---|---|
| 003 | CHAP | ||
| 005 | 20220817042506.0 | ||
| 008 | 971013s1952 r 10010 d | ||
| 010 | _a46180 | ||
| 011 | _a47152 | ||
| 035 | _a51294 | ||
| 040 | _cCHAP | ||
| 082 |
_a636.08 _bR4 |
||
| 111 | 0 | 0 |
_aReunión Interamericana de Producción Pecuaria ( _d1950 _c: Turrialba, C.R.) _996387 |
| 245 | _aInforme de la reunión... convocada conjuntamente por la FAO y el Instituto Interamericano de Ciencias Agrícolas | ||
| 260 |
_aRoma : _b(s.e.), _c1952 |
||
| 300 | _a78 p. | ||
| 490 |
_aFAO. Cuadernos de fomento _v; 8 |
||
| 590 |
_aBATCH-UPD _b10 _c20130110 _lUCH01 _h0231 |
||
| 590 |
_aBATCH-UPD _b10 _c20130110 _lUCH01 _h1830 |
||
| 590 |
_aBATCH-UPD _b10 _c20130410 _lUCH01 _h1203 |
||
| 590 |
_aBATCH-UPD _b10 _c20130914 _lUCH01 _h1347 |
||
| 590 |
_aCONVERSION _b10 _c20130109 _lUCH01 _h1325 |
||
| 650 | 1 | 4 |
_aGanadería. _944604 |
| 650 | 1 | 4 |
_aIndustrias pecuarias. _958022 |
| 700 | 0 |
_aPhillips, Ralph W. _eed. _987831 |
|
| 710 | 0 | _aFAO. | |
| 830 | 0 |
_aFAO. Cuadernos de fomento _v; 8 _939506 |
|
| 901 | _aBK | ||
| 942 | _cLIBRO | ||
| 949 |
_a636.08 R4 _bBC _cBPA _d-114825 _eBPA _h24209 _i51294 _si |
||
| 949 |
_a636.08 R4 _bBC _cBPA _d-114826 _eBPA _fc.2 _h24210 _i51294 _si |
||
| 949 |
_a636.08 R4 _bBC _cBPA _d-114827 _eBPA _fc.3 _h24211 _i51294 _si |
||
| 949 |
_a636.08 R4 _bBC _cBPA _d-114828 _eBPA _fc.4 _h24212 _i51294 _si |
||
| 999 |
_c46180 _d46180 |
||